| 000 | 01766nac a22004095i 4500 | ||
|---|---|---|---|
| 003 | EG-ScBUE | ||
| 005 | 20251221101901.0 | ||
| 006 | m||||fq||h z00| 0 | ||
| 008 | 150824s2006 enka|||f b||| 001 0 eng d | ||
| 020 | _a0198570767 (alk. paper) | ||
| 020 | _a9780198570769 (alk. paper) | ||
| 035 | _a(OCoLC)ocm66527082 | ||
| 040 |
_aEG-Sc BUE _beng _erda _cEG-Sc BUE _dEG-ScBUE |
||
| 082 | 0 | 4 |
_a548.81 _bCRY _222 |
| 100 | _a | ||
| 245 | 0 | 0 |
_aCrystal structure refinement : _ba crystallographers guide to SHELXL / _cPeter Müller, Massachusetts Institute of Technology, Cambridge, USA [and four others] ; edited by Peter Müller. |
| 264 | 1 |
_aOxford : _bOxford University Press, _c2006. |
|
| 300 |
_axvii, 213 pages : _billustrations ; _c24 cm + _e1 CD. |
||
| 336 |
_2rdacontent _atext _btxt |
||
| 336 |
_2rdacontent _asounds _bsnd |
||
| 337 |
_aunmediated _2rdamedia _bn |
||
| 337 |
_aaudio _2rdamedia _bs |
||
| 338 |
_avolume _bnc _2rdacarrier |
||
| 338 |
_acomputer disc _bcd _2rdacarrier |
||
| 490 | 0 |
_aInternational Union of Crystallography texts on crystallography book series ; _v8 |
|
| 504 | _aIncludes bibliographical references and index. | ||
| 650 | 7 |
_aCrystals _xStructure. _2BUEsh _94901 |
|
| 650 | 7 |
_aCrystals _xRefining. _2BUEsh |
|
| 650 | 7 |
_aCrystals _xData processing. _2BUEsh |
|
| 653 | _cAugust2015 | ||
| 655 | _vReading book | ||
| 700 | 1 |
_aMüller, Peter, _d1640-1696, _eauthor, _eeditor. |
|
| 856 | 4 | 2 |
_3Publisher description _uhttp://www.loc.gov/catdir/enhancements/fy0635/2006011794-d.html |
| 856 | 4 | 2 |
_3Table of contents only _uhttp://www.loc.gov/catdir/enhancements/fy0635/2006011794-t.html |
| 856 | 4 | 2 |
_3Contributor biographical information _uhttp://www.loc.gov/catdir/enhancements/fy0723/2006011794-b.html |
| 942 |
_cBB _2ddc |
||
| 999 |
_c6808 _d6808 |
||